| 000 | 00907cam a22002771a 4500 | ||
|---|---|---|---|
| 999 |
_c57535 _d57535 |
||
| 001 | 7729547 | ||
| 005 | 20200702140717.0 | ||
| 008 | 830526s2007 nyua 000 0 eng | ||
| 010 | _a 03021631 | ||
| 020 | _a9781603860604 | ||
| 035 | _a(OCoLC)9551268 | ||
| 040 |
_aDLC _cIU _dDLC |
||
| 041 | _aeng | ||
| 042 | _apremarc | ||
| 050 | 0 | 0 |
_aQA501 _b.W91 |
| 080 | _a514 W-81 | ||
| 100 | 1 |
_aWoolf, Solomon, _d1841-1911. _99019 |
|
| 245 | 1 | 3 |
_aAn elementary course in descriptive geometry / _cby Solomon Woolf. |
| 260 |
_aNew York : _bJ. Wiley & sons, _c1888. |
||
| 300 |
_ax, 152 p. : _billus. ; _c27 cm. |
||
| 650 | 0 |
_aGeometry, Descriptive. _98443 |
|
| 653 | _aელემენტარული კურსი აღწერილური გეომეტრიაში | ||
| 653 | _aგეომეტრია | ||
| 906 |
_a7 _bcbc _coclcrpl _du _encip _f19 _gy-gencatlg |
||
| 942 |
_2udc _cBK |
||